|
|
|
|
| LEADER |
00000naa2a2200000 4500 |
| 001 |
390504 |
| 005 |
20231101063959.0 |
| 035 |
|
|
|a (RuTPU)RU\TPU\prd\23612
|
| 090 |
|
|
|a 390504
|
| 100 |
|
|
|a 20040309a2004 k y0rusy50 ca
|
| 101 |
0 |
|
|a rus
|
| 102 |
|
|
|a RU
|
| 200 |
1 |
|
|a Акустический спектральный дефектоскоп для обнаружения дефектов композиционных материалов
|f Ю. В. Ваньков, А. Е. Кондратьев
|
| 225 |
1 |
|
|a Измерения, контроль, диагностика
|
| 320 |
|
|
|a Библиогр.: 5 назв.
|
| 461 |
|
1 |
|0 (RuTPU)RU\TPU\prd\1687
|t Приборы и системы. Управление, контроль, диагностика
|o научно-технический и производственный журнал
|d 2000-
|
| 463 |
|
1 |
|0 (RuTPU)RU\TPU\prd\22736
|t № 1
|v С. 49-52
|d 2004
|
| 610 |
1 |
|
|a дефектоскопы
|
| 610 |
1 |
|
|a акустические дефектоскопы
|
| 610 |
1 |
|
|a спектральные дефектоскопы
|
| 610 |
1 |
|
|a композиционные материалы
|
| 610 |
1 |
|
|a дефекты
|
| 610 |
1 |
|
|a методы контроля
|
| 700 |
|
1 |
|a Ваньков
|b Ю. В.
|
| 701 |
|
1 |
|a Кондратьев
|b А. Е.
|
| 801 |
|
1 |
|a RU
|b 63413507
|c 20040309
|g PSBO
|
| 801 |
|
2 |
|a RU
|b 63413507
|c 20121008
|g RCR
|
| 942 |
|
|
|c BK
|